000 00445nam a2200121 a 4500
008 120416s1966 xx |||||||||||||| || u
050 _aNA 9000 Was
245 1 0 _aUrban planning and development
246 _aWashinton University. Department of Urban Planning
260 _c1966
350 _a0.00
995 _D0.00
_FCBU-MAIN LIBRARY (Kitwe)
_H1
_I0.00
_M1
_UDAMAGED
_ZMain Library Open Access Collection
999 _c61045
_d61045